| 000 | 00690nam a2200205 a 4500 | ||
|---|---|---|---|
| 999 |
_c5326 _d5326 |
||
| 001 | 5326 | ||
| 003 | BD-JhCC | ||
| 005 | 20171213115512.0 | ||
| 008 | 171212s2003 bg ||||| |||| 00| 0 ben d | ||
| 035 | _a(BD-JhCC) | ||
| 040 |
_aBD-JhCC _dBD-JhCC |
||
| 041 | _aben | ||
| 082 |
_a320.473 _bDAN 2003 |
||
| 100 | _a দেওয়ান, আলী, ইউনুস | ||
| 245 |
_aউচ্চ মাধ্যমিক পৌরনীতি প্রথম পত্র / _cইউনুস আলী দেওয়ান |
||
| 260 |
_aঢাকা : _bপূর্বদেশ পাবলিকেশন্, _c২০০৩ |
||
| 300 |
_a340 p. : _c26cm. |
||
| 600 | _aCivics | ||
| 942 |
_2ddc _cBK |
||